000 00597nam a2200193 4500
003 OSt
005 20260530115323.0
008 260520b |||||||| |||| 00| 0 spa d
040 _aICI
_bspa
_cICI
_erda
050 _aF1234
_b.S46
100 1 _aSecretaria de Hacienda y Crédito Público
_eautor
_934710
245 _aSemblanza histórica de México
264 _aMéxico
_bDirección General de Prensa, Memoria, Bibliotecas y Publicaciones
_c1960
300 _a100 páginas
336 _2rdacontent
_atexto
337 _2rdamedia
_asin medio
338 _2rdacarrier
_avolumen
942 _2lcc
_n1
_cBK
999 _c13869
_d13869